000 01480nam0a2200349 i 4500
001 RU\NLR\BIBL_A\010950965
005 20260407065159.0
010 _a9785389105706
_98000
021 _aRU
_b2015-98356
_96115
035 _a(NILC)RuMoRGB-008101743
035 _a(NLR Aleph) 010950965
090 _a10779364
_c10779364
100 _a20160114d2016 km y0rusy50 ca
101 1 _arus
_cswe
102 _aRU
105 _aa|||z|||000ay
200 1 _aПриключения в Бюллербю
_eвеселые истории
_e[для младшего школьного возраста]
_fАстрид Линдгрен
_gпер. со швед. Л. Г. Горлиной
_gхудож. Илон Викланд
210 _aМосква
_cМахаон
_d2016
_d[т.е. 2015]
215 _a77, [2] с.
_cцв. ил.
_d29
300 _aФактическая дата выхода в свет - 2015
327 1 _aСодерж.: День ребенка в Бюллербю; Весна в Бюллербю; Рождество в Бюллербю
333 _a0+
675 _a821.113-93
686 0 _aШ9(4Шв)60-4
700 1 _8rus
_7ca
_aЛиндгрен
_bА.
_f1907-2002
_gАстрид
_3RU\NLR\AUTH\7715976
_9125621
702 1 _4040
_8rus
_7ca
_aВикланд
_bИ.
_gИлон
_f1930-
_3RU\NLR\AUTH\7758351
_941283
801 0 _aRU
_bРГБ
_c20151222
_gRCR
801 2 _aRU
_bРГБ
_c20151225
_grcr
942 _cBOOK
980 _aNBR